Flares by The Script lyrics - Statistics

General Stats
  • This quiz has been taken 99 times
  • The average score is 221 of 292
Answer Stats
Answer % Correct
Flares
100%
The
96%
You
93%
In
89%
See
89%
Sky
87%
And
82%
No
82%
But
80%
Did
80%
There
80%
One
78%
Blinded
76%
It
76%
Light
76%
Love
76%
Out
76%
So
76%
Were
76%
Your
76%
By
73%
Lose
73%
Feel
69%
Learn
69%
Never
69%
Are
67%
Cares
67%
Fires
67%
To
67%
What
67%
Won't
67%
Alone
64%
Burns
64%
Could
64%
Eyes
64%
Much
64%
Not
64%
Sending
64%
Smoke
64%
Still
64%
There's
64%
Cry
62%
Find
62%
Return
62%
Someone's
60%
That
60%
Ya
60%
Hard
58%
Barely
56%
Cause
56%
All
53%
Sparks
53%
Breathe
51%
Darkness
51%
End
47%
Hurt
47%
Don't
44%
Heart
44%
Hope
44%
Break
42%
Thought
42%
Was
40%
Know
38%
When
38%
Mend
31%
Well
27%
No matching quizzes found
Score Distribution
Percent of People with Each Score
Percentile by Number Answered
Your Score History
You have not taken this quiz